| 000 | 01152cam a2200325 a 4500 | ||
|---|---|---|---|
| 999 |
_c478719 _d478719 |
||
| 001 | 2977789 | ||
| 003 | NUST | ||
| 005 | 20180711121108.0 | ||
| 008 | 920622s1992 nyu 000 1 eng | ||
| 010 | _a 92025457 | ||
| 020 |
_a0517577402 : _cRs. 516 |
||
| 038 | _aArshad | ||
| 040 |
_aDLC _cDLC _dDLC _dOCoLC _dDLC |
||
| 050 | 0 | 0 |
_aPR6051.D3352 _bM7 1992 |
| 082 | 0 | 0 |
_a823.914 _bADA |
| 100 | 1 |
_aAdams, Douglas, _d1952-2001. _911576 |
|
| 245 | 1 | 0 |
_aMostly harmless / _cDouglas Adams. |
| 250 | _a1st ed. | ||
| 260 |
_aNew York : _bHarmony Books, _c1992. |
||
| 300 |
_a277 p. ; _c22 cm. |
||
| 600 | 1 | 0 |
_aPrefect, Ford _vFiction. _911578 |
| 600 | 1 | 0 |
_aDent, Arthur _c(Fictitious character) _vFiction. _911577 |
| 650 | 0 |
_aInterplanetary voyages _vFiction. _911579 |
|
| 655 | 7 |
_aFantasy fiction. _2gsafd _91087 |
|
| 655 | 7 |
_aScience fiction. _2gsafd _91086 |
|
| 856 | 4 | 2 |
_3Publisher description _uhttp://www.loc.gov/catdir/description/random049/92025457.html |
| 906 |
_a7 _bcbc _corignew _d1 _eocip _f19 _gy-gencatlg |
||
| 942 |
_2ddc _cBK |
||